000
00224nam a22001097a 4500
041
_a
eng
080
_a
80
100
_a
Wendt, Heinz F.
245
_a
Langenscheidts Verb-Tabellen Deutsch.
650
_a
German
999
_c
280815
_d
280815
942
_c
BK